000 00788aam a22002894a 4500
001 43535
005 20230410101739.0
008 990920s1999 ht a 000 0afre
010 _a 99507588
035 _a(OCoLC)ocm72346142
040 _aDLC
_cDLC
035 _a(OCoLC)72346142
042 _apcc
043 _anwht---
050 1 4 _a110 R 476
_bB791m 1999
100 1 _aBoyer, Gérard A.
245 1 0 _aMemini /
_c[Gérard A. Boyer].
260 _a[Haiti] :
_bImp. Le natal,
_c[1999]
300 _a268 p. :
_bill. ;
_c24 cm.
500 _a"Album souvenir"--Cover.
500 _aErrata slip laid in.
600 1 0 _aBoyer, Gerard A.
650 0 _aPhysicians
_zHaiti
_vBiography.
650 0 _aMedicine, Military
_zHaiti
_xHistory.
942 _2lcc
_cbk
994 _aC0
_bDRFGD
999 _c13304
_d13304